00845nam a2200169 a 4500008004100000050001600041100001700057245009900074260005600173300002100229350000900250650004400259650004500303995017500348999001700523952013500540151102s2004 ||||||||||||||||| || u aRD 37.2 Anw aAnwar, Rahij10aMCQs for the MRCS examination: applied basic sciences with explanatory answerscBy Rahij Anwar aNew DelhibJaypee Brothers Medical publishersc2004 axii, 160p.: ill. a4.88 aSURGERY -- EXAMINATIONS, QUESTIONS, ETC aMEDICINE -- EXAMINATIONS, QUESTIONS, ETC aMEDICAL LIBRARY OPEN ACCESSe903280FCBU-SCHOOL OF MEDICINE LIBRARY (Ndola)I4.88jRD 37.2 AnwM1UAVAILABLEWJan 25, 2016y903280ZMedical Library Open Access Collection c32001d32001 00102lcc4070a002b002cMedical Library Open Access Collectiond2022-11-30l0oRD 37.2 Anwp903280r2022-11-30w2022-11-30y002